000 01168nam0a22003131 4500
001 RU\INFOCOMM_322\NLR\5000167269
005 20250613110344.0
035 _a(NLR Aleph) 009559304
090 _a9058362
_c9058362
100 _a20130211d1984 |||y0rusy50 ca
101 1 _afre
_crus
102 _aRU
105 _ay z |||||
200 1 _aFaire peur
_fEvguéni Lougovoï, Nikolaï Iline
_g[Trad. du russe par Franck Trannoy]
210 _aM.
_cÉd. de l'Agence de presse "Novosti"
_d1984
215 _a96 с., 8 л. ил., портр.
_cил., портр.
_d16 см
300 _aНа обороте тит. л.: Ставка на страх / Евгений Луговой, Николай Ильин
606 0 _aТерроризм, международный
_2nlr_sh1
620 _aМосква
686 _aТ3(0)63-49
_2rubbk
700 1 _9z01790
_aLugovoj
_bE. G.
_gEvgenij Grigor'evič
701 1 _9z02790
_aIl'in
_bN.
_gNikolaj
790 1 _9z01700
_aLougovoï
_bE.
_gEvguéni
_4070
790 1 _9z02701
_aIline
_bN.
_gNikolaï
_4070
801 1 _aRU
_bInfocomm
_c20130211
801 0 _aRU
_bINFOCOMM
_gPSBO
852 _aNLR
_jИ25 Д-1/295
942 _cBOOK
980 _aNB